|
|
|
|
| LEADER |
00000nab a2200000 a 4500 |
| 001 |
vtls000929768 |
| 003 |
SK-MaSNL |
| 005 |
20260303194643.0 |
| 008 |
040720e20030530xo 0 slo |
| 035 |
|
|
|a KE38645
|
| 040 |
|
|
|a KEVKJB
|b slo
|c KEVKJB
|e AACR2
|
| 041 |
0 |
|
|a slo
|
| 044 |
|
|
|a xo
|c SK
|
| 080 |
|
|
|a 792.2
|2 1981
|
| 110 |
2 |
|
|a Tlačová agentúra Slovenskej republiky
|4 aut
|9 177619
|
| 245 |
0 |
0 |
|a Jelenček stvorený z folklórneho prameňa
|
| 518 |
|
|
|a 30.5.2003
|
| 610 |
2 |
7 |
|a Bábkové divadlo v Košiciach
|2 KEVKJB
|9 29577
|
| 650 |
0 |
7 |
|a divadlá
|2 KEVKJB
|9 29113
|
| 650 |
0 |
7 |
|a ľudové rozprávky
|2 KEVKJB
|9 73195
|
| 650 |
0 |
7 |
|a premiéry
|2 KEVKJB
|9 878015
|
| 651 |
|
7 |
|a Košice (Slovensko)
|2 KEVKJB
|9 18694
|
| 651 |
|
7 |
|a KE,
|2 KEVKJB
|9 877256
|
| 655 |
|
7 |
|a periodikum
|2 snkbucl
|9 29553
|
| 710 |
2 |
|
|a Bábkové divadlo v Košiciach
|4 aut
|9 29577
|
| 773 |
0 |
8 |
|t Pravda
|g Roč. 13, č.123, 30.5.2003, s. 23
|
| 852 |
|
|
|a ZVYKNI
|b KIS3GCP
|
| 999 |
|
|
|c 2158721
|d 2160651
|